Statistics for Chinese Groups of Things

Click here to take the quiz!

General Stats

  • This quiz has been taken 229 times
    (228 since last reset)
  • The average score is 44 of 75

Answer Stats

CategoryAnswer% Correct
Most Populous Urban AreasBeijing
96%
Most Populous Urban AreasShanghai
93%
Most Populous Urban AreasGuangzhou
92%
Bordering CountriesMongolia
91%
Bordering CountriesNorth Korea
91%
Bordering CountriesRussia
90%
Longest RiversYellow River
90%
Major Seas Bordering ChinaYellow Sea
90%
Bordering CountriesIndia
89%
Bordering CountriesNepal
89%
Bordering CountriesVietnam
87%
Bordering CountriesLaos
86%
Top Chinese DialectsMandarin
86%
Bordering CountriesKazakhstan
85%
Paramount LeadersXi Jinping
85%
Most Common Family NamesYang
85%
Bordering CountriesBhutan
84%
Former Pearl Delta ColoniesHong Kong
84%
Bordering CountriesPakistan
84%
Top Chinese DialectsWu
83%
Longest RiversYangtze
83%
Top Chinese DialectsCantonese
81%
Bordering CountriesKyrgyzstan
81%
Bordering CountriesMyanmar
81%
Bordering CountriesTajikistan
81%
First Five Chinese ZodiacsDragon
80%
Paramount LeadersMao Zedong
79%
Bordering CountriesAfghanistan
78%
Greatest Philosophers of
Ancient China
Confucius
77%
Four Great Ancient InventionsGunpowder
77%
Top Chinese DialectsMin Nan
77%
Former Pearl Delta ColoniesMacau
74%
Four Great Ancient InventionsPapermaking
74%
Tallest MountainsEverest
69%
Major Seas Bordering ChinaSouth China Sea
69%
First Five Chinese ZodiacsRat
68%
Most Common Family NamesZhang
68%
Most Common Family NamesLi
66%
Last Three Imperial DyanstiesMing
66%
Last Three Imperial DyanstiesQing
63%
Paramount LeadersHu Jintao
61%
Most Common Family NamesChen
60%
Tallest MountainsK2
60%
Major Seas Bordering ChinaEast China Sea
55%
Greatest Philosophers of
Ancient China
Laozi
55%
Most Common Family NamesWang
54%
Most Populous Urban AreasTianjin
53%
First Five Chinese ZodiacsTiger
53%
Four Great Ancient InventionsCompass
51%
Longest RiversMekong
51%
First Five Chinese ZodiacsOx
50%
First Five Chinese ZodiacsRabbit
49%
Four Great Ancient InventionsPrinting
48%
The Three Censored TsTaiwan
44%
Paramount LeadersHua Guofeng
41%
Most Populous ProvincesGuangdong
40%
Paramount LeadersDeng Xiaoping
39%
Most Populous Urban AreasXiamen
39%
The Three Censored TsTibet
33%
Most Populous ProvincesSichuan
32%
The Three Censored TsTiananmen
28%
Paramount LeadersJiang Zemin
27%
Last Three Imperial DyanstiesYuan
26%
Longest RiversAmur
22%
Most Populous ProvincesHenan
20%
Top Chinese DialectsJin
20%
Most Common Family NamesLiu
17%
Most Populous ProvincesShandong
17%
Most Populous ProvincesJiangsu
15%
Tallest MountainsLhotse
10%
Longest RiversBrahmaputra
7%
Biggest CompaniesSinopec
4%
Biggest CompaniesChina National Petroleum
2%
Biggest CompaniesChina State Construction
2%
Biggest CompaniesState Grid
2%

Score Distribution

Percentile by Number Answered

Percent of People with Each Score

Your Score History

You have not taken this quiz since the last reset